[Event "EU Union-ch U12"]
[Site "Kouty nad Desnou"]
[Date "2023.08.17"]
[Round "2"]
[White "Sensoy, Emir"]
[Black "Ochedzan, Filip"]
[Result "1-0"]
[WhiteElo "1416"]
[BlackElo "1711"]
[PlyCount "149"]
[EventDate "2023.08.16"]
[EventType "swiss"]
[EventRounds "9"]
[EventCountry "CZE"]
[SourceTitle "EXT 2024"]
[Source "ChessBase"]
[SourceDate "2023.10.10"]
[SourceVersion "1"]
[SourceVersionDate "2023.10.10"]
[SourceQuality "1"]

1. e4 c5 2. Nf3 d6 3. d4 cxd4 4. Nxd4 Nf6 5. Nc3 a6 6. Be2 e5 7. Nb3 Be7 8. 0-0 0-0 9. Kh1 b5 10. a4 b4 11. Nd5 Nxd5 12. Qxd5 Ra7 13. Be3 Be6 14. Qd2 Rb7 15. a5 Qd7 16. Bb6 Rc8 17. Rfc1 d5 18. exd5 Qxd5 19. Qe3 Bf5 20. Bf3 e4 21. Rd1 Qe5 22. Nd4 Bg6 23. Bg4 Bg5 24. Nf3 Bxe3 25. Nxe5 f5 26. fxe3 fxg4 27. c4 bxc3 28. bxc3 Bf5 29. c4 Nc6 30. Nxc6 Rxc6 31. c5 Rd7 32. Rxd7 Bxd7 33. Rd1 Bf5 34. Rd8+ Kf7 35. Ra8 Bc8 36. Ra7+ Kf6 37. Kg1 h6 38. Kf2 g5 39. Ke2 Ke6 40. Kd2 Ke5 41. Re7+ Kd5 42. Kc3 Re6 43. Rc7 Rc6 44. Rxc6 Kxc6 45. Kd4 h5 46. Kxe4 h4 47. g3 hxg3 48. hxg3 Bd7 49. Ke5 Bc8 50. e4 Bd7 51. Kf6 Bc8 52. Kxg5 Bd7 53. Kf6 Bc8 54. Ke7 Bd7 55. Kf6 Bc8 56. Kf7 Bd7 57. e5 Kd5 58. Bc7 Bc8 59. Bd6 Bd7 60. Ke7 Bf5 61. Kf6 Bc8 62. Kf7 Bd7 63. Kf8 Bc8 64. Ke8 Be6 65. Kd8 Kc6 66. Ke7 Bf5 67. Kf6 Bd7 68. e6 Be8 69. Ke7 Bh5 70. Kd8 Kb5 71. e7 Kxa5 72. e8Q Bxe8 73. Kxe8 Kb5 74. Kf7 a5 75. Kf6 1-0

[Event "Heusenstamm Sparkassen op U14 7th"]
[Site "Heusenstamm"]
[Date "2021.11.20"]
[Round "3.8"]
[White "Plaumann, Finja"]
[Black "Sensoy, Emir"]
[Result "1/2-1/2"]
[WhiteElo "978"]
[BlackElo "1367"]
[PlyCount "85"]
[EventDate "2021.11.19"]
[EventType "swiss"]
[EventRounds "7"]
[EventCountry "GER"]
[SourceTitle "EXT 2023"]
[Source "ChessBase"]
[SourceDate "2022.10.05"]
[SourceVersion "1"]
[SourceVersionDate "2022.10.05"]
[SourceQuality "1"]

1. d4 d5 2. c4 c6 3. Nc3 Nf6 4. Bf4 Bf5 5. e3 e6 6. Nf3 Bd6 7. Bxd6 Qxd6 8. c5 Qc7 9. Bd3 Ne4 10. 0-0 0-0 11. Bxe4 dxe4 12. Ng5 Nd7 13. Ngxe4 Rad8 14. Nd6 Bg6 15. Qb3 b6 16. Nc4 Nf6 17. cxb6 axb6 18. Qxb6 Qe7 19. Ne5 Qd6 20. Qxc6 Qb8 21. Qb5 Qa8 22. Nxg6 hxg6 23. Qa4 Qb8 24. Qc2 Kh7 25. b3 Rh8 26. Ne4 Ng4 27. g3 Kg8 28. h4 f5 29. Nc5 g5 30. Nxe6 Rd5 31. Nxg5 Rxh4 32. Nf3 Rh5 33. Kg2 Qb7 34. Rh1 Rg5 35. Qc4 Rg6 36. Ne5 Nxe5 37. dxe5 Kf8 38. Rh8+ Ke7 39. Qc8 Qxc8 40. Rxc8 Rxe5 41. a4 Ra6 42. b4 Re4 43. Rb8 1/2-1/2

[Event "Heusenstamm Sparkassen op U14 7th"]
[Site "Heusenstamm"]
[Date "2021.11.19"]
[Round "1.8"]
[White "Carls, Bela"]
[Black "Sensoy, Emir"]
[Result "1/2-1/2"]
[WhiteElo "955"]
[BlackElo "1367"]
[PlyCount "124"]
[EventDate "2021.11.19"]
[EventType "swiss"]
[EventRounds "7"]
[EventCountry "GER"]
[SourceTitle "EXT 2023"]
[Source "ChessBase"]
[SourceDate "2022.10.05"]
[SourceVersion "1"]
[SourceVersionDate "2022.10.05"]
[SourceQuality "1"]

1. d4 d5 2. c4 c6 3. Nc3 Nf6 4. Nf3 Bf5 5. Bg5 e6 6. a3 Be7 7. e3 0-0 8. Bd3 Ne4 9. Bxe7 Qxe7 10. 0-0 Nxc3 11. bxc3 Bxd3 12. Qxd3 Nd7 13. c5 b6 14. cxb6 Nxb6 15. Ne5 Rac8 16. Rab1 Qxa3 17. Ra1 Qe7 18. c4 f6 19. c5 fxe5 20. cxb6 axb6 21. dxe5 c5 22. Qb5 Qc7 23. Ra6 Qxe5 24. Qxb6 Rfe8 25. Re1 c4 26. f4 Qc7 27. Qd4 Qc5 28. Qe5 Rc6 29. Rea1 c3 30. Ra7 Qf8 31. Rc7 Rxc7 32. Qxc7 Rc8 33. Qd7 Qe8 34. Qxe8+ Rxe8 35. Rc1 Rc8 36. Kf2 Kf7 37. Ke2 Kf6 38. Kd3 Kf5 39. Rxc3 Rxc3+ 40. Kxc3 Ke4 41. Kd2 h6 42. Ke2 g5 43. g3 gxf4 44. gxf4 Kf5 45. Kf3 e5 46. fxe5 Kxe5 47. h4 h5 48. Ke2 Ke4 49. Kf2 Kd3 50. Kf3 Kd2 51. e4 d4 52. e5 Kc2 53. e6 d3 54. e7 d2 55. e8Q d1Q+ 56. Qe2+ Qxe2+ 57. Kxe2 Kc3 58. Ke3 Kc4 59. Ke4 Kc5 60. Kf5 Kd5 61. Kg5 Ke5 62. Kxh5 Kf5 1/2-1/2